Sports Quiz

Random Sports or NHL Quiz

NHL Scoring Leaders 2015-2016 Quiz Stats

Quiz Updated Apr 28, 2016

Challenge
Share
Tweet
Embed
Score 0/50 Timer 15:00
2 Plays Today
Team Player % Correct
Chicago BlackhawksPatrick Kane
97.5%
Pittsburgh PenguinsSidney Crosby
97.1%
Washington CapitalsAlex Ovechkin
91%
Dallas StarsJamie Benn
87.3%
Dallas StarsTyler Seguin
82.4%
San Jose SharksJoe Thornton
82.3%
Tampa Bay LightningSteven Stamkos
80.7%
New York IslandersJohn Tavares
80.3%
Florida PanthersJaromir Jagr
76.4%
San Jose SharksJoe Pavelski
75.8%
Ottawa SenatorsErik Karlsson
75.2%
Philadelphia FlyersClaude Giroux
75.1%
Los Angeles KingsAnze Kopitar
74.9%
Washington CapitalsNicklas Backstrom
74.6%
Anaheim DucksCorey Perry
72.9%
St. Louis BluesVladimir Tarasenko
72.5%
Anaheim DucksRyan Getzlaf
71%
Boston BruinsPatrice Bergeron
69.6%
Vancouver CanucksDaniel Sedin
69.4%
Edmonton OilersTaylor Hall
67.4%
San Jose SharksBrent Burns
67.4%
Chicago BlackhawksArtemi Panarin
67.1%
Calgary FlamesJohnny Gaudreau
66.6%
Boston BruinsBrad Marchand
64.6%
Pittsburgh PenguinsPhil Kessel
63.2%
Team Player % Correct
Pittsburgh PenguinsKris Letang
61.9%
Montreal CanadiensMax Pacioretty
59.7%
Winnipeg JetsBlake Wheeler
59.4%
Washington CapitalsEvgeny Kuznetsov
58.4%
Tampa Bay LightningNikita Kucherov
57.1%
New York IslandersKyle Okposo
57%
Dallas StarsJason Spezza
56.4%
Nashville PredatorsFilip Forsberg
55.6%
Philadephia FlyersWayne Simmonds
53.7%
Los Angeles KingsJeff Carter
52.9%
Colorado AvalancheMatt Duchene
51.6%
Jackets/PredatorsRyan Johansen
51.3%
Calgary FlamesSean Monahan
46.3%
Florida PanthersAleksander Barkov
46.3%
Boston BruinsDavid Krejci
45.5%
Florida PanthersJonathan Huberdeau
43.8%
New York RangersMats Zuccarello
43.4%
Ottawa SenatorsMark Stone
41.3%
Buffalo SabresRyan O'Reilly
41%
Nashville PredatorsRoman Josi
39.5%
Boston BruinsLoui Eriksson
37%
Ottawa SenatorsMike Hoffman
34.5%
Philadelphia FlyersBrayden Schenn
31.5%
Winnipeg JetsMark Scheifele
30.9%
Florida PanthersJussi Jokinen
24.3%

You're not logged in!

Compare scores with friends on all Sporcle quizzes.
Sign Up with Email
OR
Log In

You Might Also Like...

Show Comments

Extras

Top Quizzes Today


Score Distribution

Your Account Isn't Verified!

In order to create a playlist on Sporcle, you need to verify the email address you used during registration. Go to your Sporcle Settings to finish the process.